00751nam a2200229 i 4500003000900000005001700009007000300026008004100029040003000070041000700100082002400107100003600131245014900167264005700316300002700373336002700400337003300427338002800460490002700488650000300515650000300518DO-SdBNP20260319083213.0ta250625s1991 dr 000 p spa d aDO-SdBNPbspacBNPHUerda hsp axxxbB333h,19912221 aBatista, José D.eautor4aut.10aHa llegado el tiempo de Latinoamerica :bparadigma, politica, liderazgo y educación hacia una nueva dimensión politica /cJosé D. Batista aSanto Domingo :bEditora Educativa Dominicana,c1991 a94 páginas ;c22 cm. atextobtxt2rdacontent asin mediaciónbn2rdamedia avolumenbnc2rdacarrier aColección conciencia